| Tag |
First Indicator |
Second Indicator |
Subfields |
| LEADER |
00000cam a2200000 4500 |
| 001 |
in00000051396 |
| 005 |
20151007070016.0 |
| 008 |
740207s1955 nyu b 00000 eng u |
| 010 |
|
|
|a 55006230
|
| 035 |
|
|
|a (OCoLC)00792979
|
| 035 |
|
|
|9 AAE3147AM
|
| 040 |
|
|
|c CWR
|d TXA
|d UtOrBLW
|
| 049 |
|
|
|a TXAM
|c [310346]
|
| 050 |
0 |
0 |
|a QB45
|b .B15 1955
|
| 092 |
|
|
|a 523
|b B169a, 1955
|
| 100 |
1 |
|
|a Baker, Robert Horace,
|d 1883-
|
| 245 |
1 |
0 |
|a Astronomy ;
|b a textbook for university and college students.
|
| 250 |
|
|
|a 6th ed.
|
| 264 |
|
1 |
|a New York :
|b Van Nostrand,
|c [1955]
|
| 300 |
|
|
|a viii, 528 pages :
|b illustrations ;
|c 24 cm.
|
| 336 |
|
|
|a text
|b txt
|2 rdacontent
|
| 337 |
|
|
|a unmediated
|b n
|2 rdamedia
|
| 338 |
|
|
|a volume
|b nc
|2 rdacarrier
|
| 504 |
|
|
|a Bibliography: pages 515-518.
|
| 650 |
|
0 |
|a Astronomy.
|
| 999 |
|
|
|a MARS
|
| 999 |
f |
f |
|s 53f42ef7-4032-3fb6-81c3-4020e0ca9c3b
|i 866e2b31-1278-39ea-9752-8ae2aad78ce5
|t 0
|
| 952 |
f |
f |
|p ric
|a Texas A&M University
|b Rellis Campus
|c Joint Library Facility
|d Remote Storage
|t 0
|e QB45 .B15 1955
|h Library of Congress classification
|i unmediated -- volume
|m A14800899668
|
| 998 |
f |
f |
|a QB45 .B15 1955
|t 0
|l Remote Storage
|